000
00254nam a22000977a 4500
999
_c
10934
_d
10934
008
180411b ||||| |||| 00| 0 eng d
020
_a
9788177000245
100
_a
Arora Sumita
_9
6741
245
_a
Computer Science-XII
260
_a
New Delhi
_b
Dhanpat Rai & Co